Detalles MARC
| 000 -CABECERA |
| campo de control de longitud fija |
01019nam a2200241 a 4500 |
| 001 - NÚMERO DE CONTROL |
| campo de control |
000024138 |
| 005 - FECHA Y HORA DE LA ÚLTIMA TRANSACCIÓN |
| campo de control |
20200930022741.0 |
| 008 - DATOS DE LONGITUD FIJA--INFORMACIÓN GENERAL |
| campo de control de longitud fija |
110119s1970 ag 000 0 spa d |
| 040 ## - FUENTE DE LA CATALOGACIÓN |
| Centro catalogador/agencia de origen |
DO-SdBNP |
| Lengua de catalogación |
spa |
| Centro/agencia transcriptor |
BNPHU |
| 041 17 - CÓDIGO DE LENGUA |
| Código de lengua del texto/banda sonora o título independiente |
spa |
| Código de lengua original |
eng |
| Fuente del código |
Código de idiomas MARC |
| 082 ## - NÚMERO DE LA CLASIFICACIÓN DECIMAL DEWEY |
| Número de clasificación |
nn* |
| Número de documento/Ítem |
nn* |
| 049 ## - FONDOS LOCALES (OCLC) |
| Fondos de biblioteca |
BNGR |
| 100 1# - ENTRADA PRINCIPAL--NOMBRE DE PERSONA |
| Nombre de persona |
Harmer, Earl W. |
| 9 (RLIN) |
49560 |
| 240 10 - TÍTULO UNIFORME |
| Título uniforme |
Instructional strategies for student teachers. |
| Lenguaje de la obra |
Español |
| 245 13 - MENCIÓN DE TÍTULO |
| Título |
La práctica de la enseñanza : |
| Resto del título |
primeros pasos del practicante y del docente / |
| Mención de responsabilidad, etc. |
Earl W. Harmer ; traducción de Juan Jorge Thomas. |
| 260 ## - PUBLICACIÓN, DISTRIBUCIÓN, ETC. |
| Lugar de publicación, distribución, etc. |
Buenos Aires : |
| Nombre del editor, distribuidor, etc. |
Centro Regional de Ayuda Técnica. Agencia para el Desarrollo Internacional ; |
| -- |
Kapelusz, |
| Fecha de publicación, distribución, etc. |
1970. |
| 300 ## - DESCRIPCIÓN FÍSICA |
| Extensión |
143 p. ; |
| Dimensiones |
23 cm. |
| 490 1# - MENCIÓN DE SERIE |
| Mención de serie |
Biblioteca de Cultura Pedagógica. |
| Designación de volumen o secuencia |
116 |
| 534 ## - NOTA SOBRE LA VERSIÓN ORIGINAL |
| Encabezamiento principal del original |
Título de la edición original : |
| Mención de título del original |
Instructional strategies for student teachers |
| 504 ## - NOTA DE BIBLIOGRAFÍA, ETC. |
| Nota de bibliografía, etc. |
Bibliografía : 142-143 p. |
| 700 1# - PUNTO DE ACCESO ADICIONAL--NOMBRE DE PERSONA |
| Nombre de persona |
Thomas, Juan Jorge, |
| Término indicativo de función/relación |
tr. |
| 9 (RLIN) |
49561 |
| 830 #0 - PUNTO DE ACCESO ADICIONAL DE SERIE-TÍTULO UNIFORME |
| Título uniforme |
Biblioteca de Cultura Pedagógica |
| Designación de volumen o secuencia |
116 |
| 9 (RLIN) |
29172 |